000 00674nam a2200229 i 4500
001 C2-0220313
003 PPAK
005 20180728150447.0
008 990918s1972 my a|||| ||||| | eng d
040 _aPPAK
_beng
_cPPAK
_erda
082 0 4 _a398.2
_223
090 0 0 _a398.2
_bJUS
_dKK
100 0 _aJusoh Ahmad,
_eauthor
245 1 0 _aLungguk semangat lambang gadis jelita:
_badat memuja padi dikangan orang Kedah
264 1 _aKuala Lumpur :
_bUtusan Melayu ,
_c1972
300 _a44 pages :
_billustrations ;
_c21 cm
336 _2rdacontent
_atext
337 _2rdamedia
_aunmediated
338 _2rdacarrier
_avolume
650 1 0 _aFolk literature
942 _ddc
_cB
999 _c142454
_d142454